000 00503nam a2200157 i 4500
001 126742
003 ES-MaACL
005 20230906192854.0
007 t|
008 070214s1966 sp r ||||1| spa d
245 0 0 _aResúmenes de Convenios Colectivos Sindicales hasta 31 de diciembre de 1965.
260 _aBarcelona :
_bLegislación Social Vigente,
_c1966.
300 _a118 p. ;
_c27 cm.
650 4 _aConvenios colectivos-
_zEspaña-
_vLegislación.
_9169656
852 _aES-MaACL
_jC-30102
_bR.60489
999 _c126742
_d126742